MARC details
| 000 -LEADER |
| fixed length control field |
02363cam a2200397 i 4500 |
| 001 - CONTROL NUMBER |
| control field |
18123307 |
| 003 - CONTROL NUMBER IDENTIFIER |
| control field |
SISC |
| 005 - DATE AND TIME OF LATEST TRANSACTION |
| control field |
20161115104541.0 |
| 008 - FIXED-LENGTH DATA ELEMENTS--GENERAL INFORMATION |
| fixed length control field |
140418s2015 stka b 001 0 eng |
| 010 ## - LIBRARY OF CONGRESS CONTROL NUMBER |
| LC control number |
2014015649 |
| 020 ## - INTERNATIONAL STANDARD BOOK NUMBER |
| International Standard Book Number |
9780702055560 (pbk.) |
| 020 ## - INTERNATIONAL STANDARD BOOK NUMBER |
| International Standard Book Number |
0702055565 (pbk.) |
| 020 ## - INTERNATIONAL STANDARD BOOK NUMBER |
| Cancelled/invalid ISBN |
9780702055553 (eBook) |
| 020 ## - INTERNATIONAL STANDARD BOOK NUMBER |
| Cancelled/invalid ISBN |
9780702061783 (Inkling eBook) |
| 035 ## - SYSTEM CONTROL NUMBER |
| System control number |
(DNLM)101630831 |
| 040 ## - CATALOGING SOURCE |
| Original cataloging agency |
DNLM/DLC |
| Description conventions |
rda |
| Transcribing agency |
DLC |
| Modifying agency |
DLC |
| 042 ## - AUTHENTICATION CODE |
| Authentication code |
pcc |
| 050 00 - LIBRARY OF CONGRESS CALL NUMBER |
| Classification number |
RC 454 |
| Item number |
.Oy97 2015 |
| 060 10 - NATIONAL LIBRARY OF MEDICINE CALL NUMBER |
| Classification number |
WM 140 |
| 082 00 - DEWEY DECIMAL CLASSIFICATION NUMBER |
| Classification number |
616.89/075 |
| 100 1# - MAIN ENTRY--PERSONAL NAME |
| Personal name |
Oyebode, Femi, |
| Relator term |
author. |
| 245 10 - TITLE STATEMENT |
| Title |
Sims' symptoms in the mind : |
| Remainder of title |
textbook of descriptive psychopathology / |
| Statement of responsibility, etc |
Femi Oyebode, MBBS, MD, PHD, FRCPSYCH, Professor of Psychiatry & Consultant Psychiatrist, University of Birmingham, National Centre for Mental Health, Birmingham, UK. |
| 246 1# - VARYING FORM OF TITLE |
| Title proper/short title |
Symptoms in the mind |
| 250 ## - EDITION STATEMENT |
| Edition statement |
5th edition. |
| 260 ## - PUBLICATION, DISTRIBUTION, ETC. (IMPRINT) |
| Place of publication, distribution, etc |
New York : |
| Name of publisher, distributor, etc |
Elsevier, |
| Date of publication, distribution, etc |
2015. |
| 300 ## - PHYSICAL DESCRIPTION |
| Extent |
viii, 388 pages : |
| Other physical details |
illustrations (some color) ; |
| Dimensions |
23 cm. |
| 500 ## - GENERAL NOTE |
| General note |
Preceded by: Sims' symptoms in the mind / Femi Oyebode. 4th ed. 2008. |
| 500 ## - GENERAL NOTE |
| General note |
Includes bibliographical references and index. |
| 505 0# - FORMATTED CONTENTS NOTE |
| Formatted contents note |
Fundamental concepts of descriptive psychopathology -- Eliciting the symptoms of mental illness -- Consciousness and disturbed consciousness -- Attention, concentration, orientation, and sleep -- Disturbance of memory -- Disorder of time -- Pathology of perception -- Delusions and other erroneous ideas -- Disorder of the thinking process -- Disorder of speech and language -- Insight -- The disordered self -- Depersonalization -- Disorder of the awareness of the body -- The psychopathology of pain -- Affect and emotional disorders -- Anxiety, panic, irritability, phobia, and obsession -- Disorders of volition and execution -- The expression of disordered personality -- Psychopathology and diagnosis. |
| 650 12 - SUBJECT ADDED ENTRY--TOPICAL TERM |
| Topical term or geographic name as entry element |
Mental Disorders |
| General subdivision |
psychology. |
| 650 22 - SUBJECT ADDED ENTRY--TOPICAL TERM |
| Topical term or geographic name as entry element |
Psychopathology |
| General subdivision |
methods. |
| 776 08 - ADDITIONAL PHYSICAL FORM ENTRY |
| Display text |
Online version: |
| Main entry heading |
Oyebode, Femi, author. |
| Title |
Sims' symptoms in the mind |
| Edition |
Fifth edition. |
| Place, publisher, and date of publication |
Edinburgh : Saunders/Elsevier, 2015 |
| International Standard Book Number |
9780702055553 |
| Record control number |
(DLC) 2014016636 |
| 906 ## - LOCAL DATA ELEMENT F, LDF (RLIN) |
| a |
7 |
| b |
cbc |
| c |
orignew |
| d |
1 |
| e |
ecip |
| f |
20 |
| g |
y-gencatlg |
| 942 ## - ADDED ENTRY ELEMENTS (KOHA) |
| Source of classification or shelving scheme |
Library of Congress Classification |
| Koha item type |
Books |